[Event "XX Weekend B"]
[Site "Ceriano Laghetto ITA"]
[Date "2011.04.02"]
[Round "3"]
[White "Mancin, Mariano"]
[Black "Monjac, Mislav"]
[Result "0-1"]
[WhiteElo "1907"]
[BlackElo "1982"]
[PlyCount "88"]
[EventDate "2011.04.01"]

1. e4 c5 2. Nc3 d6 3. f4 Nc6 4. Nf3 Nf6 5. Bb5 a6 6. Bxc6+ bxc6 7. d3 g6 8. O-O
Bg7 9. Qe1 O-O 10. Qh4 e6 11. f5 Nd7 12. f6 Bxf6 13. Bg5 Qe7 14. Bxf6 Qxf6 15.
Ng5 Qg7 16. Qf4 Ne5 17. Nf3 Nxf3+ 18. gxf3 e5 19. Qh4 Be6 20. b3 f5 21. Na4
fxe4 22. fxe4 Rxf1+ 23. Rxf1 Rf8 24. c4 Rxf1+ 25. Kxf1 Qf8+ 26. Ke2 Kg7 27. Nc3
h6 28. Qg3 g5 29. Qf2 Qf4 30. Qxf4 gxf4 31. Na4 Kg6 32. Nb6 Kg5 33. Na8 a5 34.
Nc7 Bd7 35. Na6 Kg4 36. Kf2 Kh3 37. Kg1 Bg4 38. Nb8 Be2 39. Nxc6 Bxd3 40. Nd8
Bxe4 41. Nf7 Bd3 42. Nxd6 e4 43. Nb7 e3 44. Nxc5 Bc2 0-1

[Event "XX Weekend B"]
[Site "Ceriano Laghetto ITA"]
[Date "2011.04.02"]
[Round "3"]
[White "Marchini, Daniele"]
[Black "Rossi, Giampiero"]
[Result "0-1"]
[WhiteElo "1809"]
[BlackElo "1954"]
[PlyCount "84"]
[EventDate "2011.04.01"]

1. d4 d5 2. c4 e6 3. Nc3 c6 4. e3 Nf6 5. Bd3 Nbd7 6. Nf3 Be7 7. O-O O-O 8. Re1
b6 9. b3 Bb7 10. Bb2 Rc8 11. Rc1 Rc7 12. cxd5 cxd5 13. Nb5 Rxc1 14. Qxc1 Qb8
15. Ba3 Bxa3 16. Qxa3 a6 17. Nd6 b5 18. Nxb7 Qxb7 19. Rc1 Rc8 20. h3 Rxc1+ 21.
Qxc1 g6 22. Qc2 Kg7 23. Nd2 Nb8 24. f3 Qc6 25. e4 Qxc2 26. Bxc2 Nc6 27. Kf2
Nxd4 28. Bd3 Nc6 29. f4 Nb4 30. Bb1 dxe4 31. Nxe4 Nxe4+ 32. Bxe4 Nxa2 33. Ke3
Nc3 34. Bd3 a5 35. Kd4 b4 36. Kc5 Kf6 37. Kb6 Nd5+ 38. Kxa5 Nxf4 39. Be4 Ke5
40. Bf3 Nd3 41. g3 Kd4 42. Be2 e5 0-1

[Event "XX Weekend B"]
[Site "Ceriano Laghetto ITA"]
[Date "2011.04.02"]
[Round "3"]
[White "Miracola, Massimiliano"]
[Black "Ranfagni, Stefano"]
[Result "1/2-1/2"]
[WhiteElo "1929"]
[BlackElo "1965"]
[PlyCount "34"]
[EventDate "2011.04.01"]

1. e4 e6 2. d4 d5 3. Nc3 dxe4 4. Nxe4 Nd7 5. Nf3 Ngf6 6. Nxf6+ Nxf6 7. c3 c5 8.
Ne5 a6 9. Be3 cxd4 10. Bxd4 Bd6 11. Qa4+ Bd7 12. Nxd7 Qxd7 13. Qxd7+ Kxd7 14.
O-O-O Ke7 15. Bxf6+ gxf6 16. g3 Rad8 17. Bg2 b6 1/2-1/2

[Event "XX Weekend B"]
[Site "Ceriano Laghetto ITA"]
[Date "2011.04.02"]
[Round "3"]
[White "Monticelli, Francesco"]
[Black "Losi, Enrico"]
[Result "1/2-1/2"]
[WhiteElo "1672"]
[BlackElo "1634"]
[PlyCount "50"]
[EventDate "2011.04.01"]

1. e4 c5 2. Nf3 d6 3. Bc4 e6 4. O-O Be7 5. d4 cxd4 6. Nxd4 Nf6 7. Nc3 O-O 8.
Be3 a6 9. a4 Qc7 10. Bd3 Nc6 11. Nxc6 Qxc6 12. Qd2 Ng4 13. Bg5 Qc7 14. h3 Ne5
15. Bxe7 Qxe7 16. Be2 b6 17. f4 Nc6 18. Rad1 Rd8 19. Bg4 Ra7 20. f5 Ne5 21.
fxe6 fxe6 22. Be2 Rad7 23. Qf4 Rf8 24. Qxf8+ Qxf8 25. Rxf8+ Kxf8 1/2-1/2

[Event "XX Weekend B"]
[Site "Ceriano Laghetto ITA"]
[Date "2011.04.02"]
[Round "3"]
[White "Pace, Roberto"]
[Black "Veri', Giustino"]
[Result "1/2-1/2"]
[WhiteElo "1981"]
[BlackElo "1661"]
[PlyCount "132"]
[EventDate "2011.04.01"]

1. e4 c6 2. Nc3 d5 3. Nf3 e6 4. d4 Bb4 5. e5 c5 6. a3 cxd4 7. Qxd4 Nc6 8. Bb5
Bxc3+ 9. Qxc3 Bd7 10. Bd3 Rc8 11. O-O Nge7 12. Qe1 h6 13. Qe2 Nf5 14. Bd2 O-O
15. Rad1 Nh4 16. Nxh4 Qxh4 17. c3 f5 18. exf6 Qxf6 19. Bb1 Nd8 20. Be3 Nc6 21.
Qd3 Kf7 22. Rfe1 a6 23. f4 g6 24. Rd2 Rg8 25. Rf2 Qd8 26. Rf3 Ne7 27. Bd4 Nf5
28. Bf2 Bb5 29. Qd2 Bc6 30. Rfe3 Bb5 31. Rh3 h5 32. Bd4 Nxd4 33. Qxd4 Rc4 34.
Qe3 Bd7 35. Rf3 Qf6 36. Bd3 Rc7 37. Qe5 Rcc8 38. Qe3 Kg7 39. Rg3 Kf7 40. Rg5
Rg7 41. Qe5 Qxe5 42. Rgxe5 Re8 43. Kf2 Kf6 44. h4 Rge7 45. Ke3 Rc8 46. g3 a5
47. Kd4 b6 48. R5e2 Ba4 49. Re5 Bb3 50. Rg5 Rg7 51. Rg1 Bc4 52. Bc2 Be2 53. Re1
Rc4+ 54. Ke3 Bg4 55. Bd3 Rcc7 56. Kd4 Bf5 57. Be2 Rge7 58. Bb5 Rc5 59. Bf1 Rc8
60. Re3 Rce8 61. Bb5 Rc8 62. Re1 Rc5 63. Bf1 Rcc7 64. Bd3 Rg7 65. Rg1 Rge7 66.
Re1 Rg7 1/2-1/2

[Event "XX Weekend B"]
[Site "Ceriano Laghetto ITA"]
[Date "2011.04.02"]
[Round "3"]
[White "Palminteri, Vincenzo"]
[Black "Coppola, Federico"]
[Result "0-1"]
[WhiteElo "1898"]
[BlackElo "1749"]
[PlyCount "80"]
[EventDate "2011.04.01"]

1. e4 c5 2. c3 Nf6 3. e5 Nd5 4. Bc4 Nb6 5. Bb3 Nc6 6. d4 cxd4 7. cxd4 d5 8. Nf3
Bf5 9. O-O Rc8 10. Nc3 a6 11. a3 e6 12. Be3 Nc4 13. Bxc4 dxc4 14. Qd2 Na5 15.
Rad1 Nb3 16. Qe2 Bd3 17. Rxd3 cxd3 18. Qxd3 Qc7 19. Rd1 Bxa3 20. Ne4 Bxb2 21.
Nd6+ Ke7 22. Qxb3 Qc2 23. Nxc8+ Rxc8 24. Qxc2 Rxc2 25. Rb1 Bc3 26. Rxb7+ Ke8
27. Ng5 a5 28. Nxf7 Bxd4 29. Nd6+ Kf8 30. Bg5 Rb2 31. Rxb2 Bxb2 32. Nc4 a4 33.
Nxb2 a3 34. Nd3 a2 35. h4 a1=Q+ 36. Kh2 Qd4 37. Nc1 Qxf2 38. Nd3 Qd4 39. Nc1 h6
40. Ne2 Qxe5+ 0-1

[Event "XX Weekend B"]
[Site "Ceriano Laghetto ITA"]
[Date "2011.04.02"]
[Round "3"]
[White "Pandini, Giuseppe"]
[Black "Milu, Tatiana"]
[Result "1/2-1/2"]
[WhiteElo "1753"]
[BlackElo "1665"]
[PlyCount "58"]
[EventDate "2011.04.01"]

1. f4 Nf6 2. Nf3 d6 3. e3 Nc6 4. b3 e6 5. Bb2 a6 6. Be2 b6 7. c4 Bb7 8. O-O h6
9. Ne1 Ne7 10. Bf3 Bxf3 11. Nxf3 Nd7 12. Nc3 Nc5 13. d4 Nb7 14. Qc2 c6 15. Rad1
d5 16. cxd5 cxd5 17. Qe2 b5 18. a4 b4 19. Na2 Nc6 20. Nc1 Be7 21. Nd3 O-O 22.
Rc1 Nca5 23. Nd2 Qd7 24. Ne5 Qd6 25. Rc2 f6 26. Nd3 Rac8 27. Rfc1 Qd7 28. Nc5
Nxc5 29. dxc5 Rc6 1/2-1/2

[Event "XX Weekend B"]
[Site "Ceriano Laghetto ITA"]
[Date "2011.04.02"]
[Round "3"]
[White "Regorda, Massimiliano"]
[Black "Falchi, Claudio"]
[Result "0-1"]
[WhiteElo "1881"]
[BlackElo "1737"]
[PlyCount "104"]
[EventDate "2011.04.01"]

1. e4 e6 2. d4 d5 3. Nd2 c5 4. dxc5 Bxc5 5. Nb3 Bb6 6. exd5 exd5 7. Nf3 Nc6 8.
Bb5 a6 9. Bd3 Nf6 10. O-O O-O 11. Bg5 Bg4 12. h3 Bh5 13. g4 Bg6 14. Re1 Qd6 15.
Qd2 Qg3+ 16. Kf1 Bxd3+ 17. cxd3 Qxf3 18. Re3 Bxe3 19. Qxe3 Qh1+ 20. Ke2 Qxa1
21. Nxa1 Rfe8 22. Nc2 Rxe3+ 23. Nxe3 Nd4+ 24. Kd1 Ne6 25. Bxf6 gxf6 26. Nxd5
Rd8 27. Nxf6+ Kg7 28. Nh5+ Kf8 29. Kd2 Ke7 30. Ke3 Rc8 31. Kd2 Kd6 32. Nf6 Ke5
33. Ne4 Rd8 34. h4 f6 35. Kc3 Nf4 36. Nc5 Rc8 37. d4+ Kd6 38. Kd2 Rxc5 39.
dxc5+ Kxc5 40. h5 Kd4 41. f3 b5 42. b4 Ne6 43. Ke2 Nf4+ 44. Kd2 Nd3 45. Ke2
Nc1+ 46. Kf2 Nxa2 47. f4 Ke4 48. Kg3 Nxb4 49. g5 fxg5 50. fxg5 Kf5 51. Kh4 Nd5
52. g6 hxg6 0-1

[Event "XX Weekend B"]
[Site "Ceriano Laghetto ITA"]
[Date "2011.04.02"]
[Round "3"]
[White "Ronconi, Fausto"]
[Black "Regorda, Vittorio"]
[Result "1/2-1/2"]
[WhiteElo "1749"]
[BlackElo "1884"]
[PlyCount "119"]
[EventDate "2011.04.01"]

1. d4 d5 2. c4 c6 3. Nf3 Nf6 4. Nc3 a6 5. cxd5 cxd5 6. Bg5 Nc6 7. e3 Bg4 8. Be2
e6 9. O-O Be7 10. Rc1 O-O 11. a3 Rc8 12. Nd2 Bxe2 13. Qxe2 b5 14. b4 Nd7 15.
Bxe7 Qxe7 16. Nb3 Rc7 17. Nc5 Nxc5 18. dxc5 Rb8 19. Rfd1 h6 20. Qd2 g6 21. Ne2
Kg7 22. Nd4 g5 23. Nxc6 Rxc6 24. Qd4+ Qf6 25. f3 Qxd4 26. Rxd4 f5 27. Rd3 Kg6
28. Rd4 Kf6 29. f4 g4 30. Kf2 Ra8 31. Ra1 a5 32. Rdd1 Rca6 33. Rab1 h5 34. Kg3
axb4 35. Rxb4 Rxa3 36. Re1 Rc3 37. Rxb5 Rc8 38. h3 d4 39. Kf2 dxe3+ 40. Rxe3
R3xc5 41. Rxc5 Rxc5 42. hxg4 hxg4 43. g3 e5 44. fxe5+ Rxe5 45. Ra3 Rb5 46. Ra4
Rb3 47. Kg2 Rb2+ 48. Kg1 Ke5 49. Rc4 Rd2 50. Ra4 Rd4 51. Ra8 Ke4 52. Rf8 Rd2
53. Rf7 Kf3 54. Rxf5+ Kxg3 55. Rf1 Rg2+ 56. Kh1 Rc2 57. Ra1 Kh3 58. Kg1 g3 59.
Rb1 Rc3 60. Ra1 1/2-1/2

[Event "XX Weekend B"]
[Site "Ceriano Laghetto ITA"]
[Date "2011.04.02"]
[Round "3"]
[White "Sala, Giovanni"]
[Black "Burani, Eugenio"]
[Result "1-0"]
[WhiteElo "1964"]
[BlackElo "1901"]
[PlyCount "107"]
[EventDate "2011.04.01"]

1. c4 c5 2. Nc3 Nf6 3. g3 g6 4. Bg2 Bg7 5. Nf3 Nc6 6. O-O O-O 7. d3 d6 8. a3 a6
9. Rb1 Nd7 10. Bd2 Nde5 11. Nxe5 Nxe5 12. b4 cxb4 13. axb4 Rb8 14. b5 Bf5 15.
bxa6 bxa6 16. Qa4 Qd7 17. Qxa6 Bh3 18. Rxb8 Rxb8 19. Rb1 Rxb1+ 20. Nxb1 h5 21.
Qa8+ Kh7 22. Qb7 Qxb7 23. Bxb7 Bg4 24. f3 Bd7 25. Bc3 Ba4 26. f4 Ng4 27. Bxg7
Kxg7 28. Nc3 Bc2 29. h3 Nf6 30. Ne4 Nxe4 31. Bxe4 Kf6 32. Kf2 e6 33. Bc6 e5 34.
fxe5+ Kxe5 35. Be8 Ke6 36. h4 Ke7 37. Bc6 Kf6 38. Ke3 Ke5 39. Bd7 Kf6 40. Kd2
Bb3 41. Ke3 Ke7 42. Bb5 Ke6 43. Kf4 Bd1 44. e4 Bc2 45. Ke3 Bd1 46. Be8 Ke7 47.
Bc6 Bb3 48. Kf4 f6 49. Bd5 Ba4 50. d4 Bd7 51. e5 Bc8 52. exd6+ Kxd6 53. Be4 f5
54. Bd5 1-0

[Event "XX Weekend B"]
[Site "Ceriano Laghetto ITA"]
[Date "2011.04.02"]
[Round "3"]
[White "Santarelli, Sabatino"]
[Black "Mazzoccoli, Simone"]
[Result "0-1"]
[WhiteElo "1654"]
[BlackElo "1728"]
[PlyCount "108"]
[EventDate "2011.04.01"]

1. e4 c5 2. f4 Nc6 3. Nf3 g6 4. c3 Bg7 5. Be2 d6 6. O-O Nf6 7. d3 O-O 8. Qe1
Bd7 9. Kh1 Qc7 10. Na3 a6 11. Bd2 b5 12. Rb1 Rfb8 13. Nh4 a5 14. Nc2 b4 15. f5
b3 16. axb3 Rxb3 17. fxg6 fxg6 18. Qc1 Rbb8 19. Bh6 Be6 20. c4 Rb6 21. Bxg7
Kxg7 22. Nf3 Rab8 23. Na3 Na7 24. h3 Qb7 25. Ng5 Bd7 26. Bf3 Qc7 27. Bg4 Bxg4
28. hxg4 Qd7 29. Nb5 Nxb5 30. cxb5 Rxb5 31. Qc4 Qe8 32. Ne6+ Kh8 33. Nc7 Rb4
34. Nxe8 Rxc4 35. dxc4 Rxe8 36. Rbe1 Nxg4 37. Rf4 Ne5 38. Ref1 Kg8 39. b3 Rb8
40. Kh2 Rxb3 41. Rf8+ Kg7 42. Re8 Rb7 43. Rff8 Nc6 44. Rg8+ Kh6 45. Ref8 a4 46.
Rf3 a3 47. Rh3+ Kg5 48. Rxh7 Ra7 49. Rh3 a2 50. Rg3+ Kf6 51. R8xg6+ Ke5 52.
R3g5+ Kd4 53. Rg4 a1=Q 54. e5+ Kxe5 0-1

[Event "XX Weekend B"]
[Site "Ceriano Laghetto ITA"]
[Date "2011.04.02"]
[Round "3"]
[White "Silini, Bruno"]
[Black "Mason, Giovanni"]
[Result "1-0"]
[WhiteElo "1661"]
[BlackElo "1730"]
[PlyCount "79"]
[EventDate "2011.04.01"]

1. Nf3 Nf6 2. c4 c6 3. d4 e6 4. g3 d6 5. Bg2 Be7 6. Nc3 Nbd7 7. O-O O-O 8. Qc2
d5 9. cxd5 cxd5 10. e4 Nxe4 11. Nxe4 dxe4 12. Qxe4 Nf6 13. Qd3 Nd5 14. Be3 b6
15. Rfd1 Bb7 16. a3 a5 17. Rac1 Rc8 18. Qb5 Rxc1 19. Rxc1 Qa8 20. Ne5 Nc3 21.
Rxc3 Bxg2 22. Nc6 Bxc6 23. Rxc6 Rc8 24. Rxb6 Qd5 25. Qxd5 exd5 26. Rb5 a4 27.
Rxd5 f6 28. Rd7 Kf7 29. Rb7 Ra8 30. d5 Ke8 31. d6 Bxd6 32. Rxg7 Rb8 33. Rg8+
Kf7 34. Rxb8 Bxb8 35. Bd4 Ke6 36. Kg2 Kd5 37. Bxf6 Be5 38. Bxe5 Kxe5 39. f4+
Ke4 40. Kf2 1-0

[Event "XX Weekend B"]
[Site "Ceriano Laghetto ITA"]
[Date "2011.04.03"]
[Round "4"]
[White "Bertamini, Alberto"]
[Black "Santarelli, Sabatino"]
[Result "1-0"]
[WhiteElo "1692"]
[BlackElo "1654"]
[PlyCount "73"]
[EventDate "2011.04.01"]

1. d4 d5 2. c4 Nf6 3. Nc3 c6 4. c5 Qc7 5. Nf3 g6 6. Bg5 Bg7 7. Qd2 Nbd7 8. Bf4
Qd8 9. e3 Nh5 10. Bg3 Nxg3 11. hxg3 Qc7 12. Bd3 e5 13. Nxe5 Nxe5 14. dxe5 Qxe5
15. Rh4 Be6 16. O-O-O O-O-O 17. Ne2 d4 18. exd4 Qd5 19. b3 Bf6 20. Bc4 Qd7 21.
Bxe6 fxe6 22. Re4 Qd5 23. Qc2 Bg5+ 24. Kb1 Qf5 25. Re5 Qf6 26. Qe4 Rhe8 27. Qg4
Rd5 28. f4 Bh6 29. Rh1 Rxe5 30. dxe5 Qf8 31. Nd4 Bg7 32. Nxe6 Rxe6 33. Qxe6+
Kb8 34. Qd6+ Ka8 35. Rxh7 a6 36. Qxf8+ Bxf8 37. Rh8 1-0

[Event "XX Weekend B"]
[Site "Ceriano Laghetto ITA"]
[Date "2011.04.03"]
[Round "4"]
[White "Brigatti, Lorenzo"]
[Black "Pace, Roberto"]
[Result "0-1"]
[WhiteElo "1830"]
[BlackElo "1981"]
[PlyCount "64"]
[EventDate "2011.04.01"]

1. e4 c5 2. Nf3 d6 3. d4 cxd4 4. Nxd4 Nf6 5. Nc3 e6 6. Be3 Be7 7. f3 a6 8. Qd2
Qc7 9. O-O-O Nc6 10. g4 h6 11. h4 Bd7 12. Bd3 O-O-O 13. Qf2 Kb8 14. Nb3 Rdf8
15. Rhe1 Ne5 16. Bb6 Qc8 17. Na5 Bd8 18. Bf1 Bc7 19. g5 hxg5 20. hxg5 Ne8 21.
f4 Nc6 22. Nc4 Bxb6 23. Nxb6 Qc7 24. Nca4 Na7 25. Nxd7+ Qxd7 26. Qd4 Rh2 27.
Re3 Rfh8 28. Rb3 Qc6 29. Rc3 Qd7 30. Nb6 Qd8 31. Rb3 Qc7 32. Bxa6 Qxc2# 0-1

[Event "XX Weekend B"]
[Site "Ceriano Laghetto ITA"]
[Date "2011.04.03"]
[Round "4"]
[White "Burani, Eugenio"]
[Black "Brioschi, Camillo"]
[Result "1-0"]
[WhiteElo "1901"]
[BlackElo "1853"]
[PlyCount "59"]
[EventDate "2011.04.01"]

1. e4 e5 2. Nf3 Nc6 3. Bc4 Nf6 4. d3 Be7 5. O-O O-O 6. Re1 d6 7. a4 Bg4 8. Nbd2
Qd7 9. c3 Be6 10. b4 Bxc4 11. Nxc4 a6 12. Ne3 d5 13. exd5 Nxd5 14. Nxd5 Qxd5
15. c4 Qd6 16. b5 axb5 17. cxb5 Nd4 18. Ba3 Nxf3+ 19. Qxf3 Qe6 20. Bxe7 Qxe7
21. Qxb7 Qd6 22. Qe4 Rfd8 23. Qxe5 Qxd3 24. Qxc7 Rac8 25. Qe5 h6 26. h3 Rd5 27.
Qe4 Rc2 28. Qxd3 Rxd3 29. b6 Rb2 30. a5 1-0

[Event "XX Weekend B"]
[Site "Ceriano Laghetto ITA"]
[Date "2011.04.03"]
[Round "4"]
[White "Canciani, Alberto"]
[Black "Carbone, Lorenzo"]
[Result "0-1"]
[WhiteElo "1601"]
[BlackElo "1733"]
[PlyCount "52"]
[EventDate "2011.04.01"]

1. c4 c5 2. Nc3 Nf6 3. e4 d6 4. Nf3 e6 5. d3 Be7 6. h3 Nc6 7. Be3 O-O 8. g4 h6
9. Bg2 Qb6 10. b3 Nh7 11. O-O Bf6 12. Rc1 Nd4 13. Nh2 a6 14. f4 Qc7 15. Qd2 Qe7
16. Nf3 Rb8 17. g5 Nxf3+ 18. Rxf3 hxg5 19. f5 b5 20. Rcf1 bxc4 21. bxc4 Bb7 22.
Rg3 Be5 23. Rg4 exf5 24. exf5 Bxc3 25. Qxc3 Qxe3+ 26. Kh1 Qxh3+ 0-1

[Event "XX Weekend B"]
[Site "Ceriano Laghetto ITA"]
[Date "2011.04.03"]
[Round "4"]
[White "Carletti, Davide M."]
[Black "Palminteri, Vincenzo"]
[Result "1-0"]
[WhiteElo "1723"]
[BlackElo "1898"]
[PlyCount "73"]
[EventDate "2011.04.01"]

1. e4 Nf6 2. e5 Nd5 3. d4 d6 4. c4 Nb6 5. f4 dxe5 6. fxe5 Nc6 7. Nf3 Bg4 8. c5
Nxd4 9. Qxd4 Qxd4 10. Nxd4 Nc4 11. Bxc4 Rd8 12. Nf3 e6 13. Be3 g6 14. O-O Bg7
15. Nbd2 O-O 16. h3 Bf5 17. Nb3 Bd3 18. Bxd3 Rxd3 19. Bd4 Rd8 20. Nc1 R3xd4 21.
Nxd4 Rxd4 22. Nb3 Rd5 23. Rfe1 Bxe5 24. Rad1 Bxb2 25. Rxd5 exd5 26. Rd1 c6 27.
Na5 Bc3 28. Nxb7 Kf8 29. Nd8 Bb4 30. Nxc6 Bxc5+ 31. Kf1 d4 32. Nxd4 Ke7 33.
Nc6+ Kf6 34. Rd5 Bb6 35. Rd6+ Kf5 36. Rd7 Ke6 37. Rb7 1-0

[Event "XX Weekend B"]
[Site "Ceriano Laghetto ITA"]
[Date "2011.04.03"]
[Round "4"]
[White "Cervini, Gian Piero"]
[Black "Alberio, Silvio"]
[Result "1-0"]
[WhiteElo "1712"]
[BlackElo "1821"]
[PlyCount "153"]
[EventDate "2011.04.01"]

1. e4 c5 2. c3 Nf6 3. Bd3 Nc6 4. Nf3 d6 5. h3 e6 6. Bc2 b6 7. d4 cxd4 8. cxd4
Ba6 9. Nc3 Nb4 10. Bb1 Qd7 11. a3 Nc6 12. b4 Bb7 13. Bc2 a6 14. O-O Rc8 15. Bb2
d5 16. e5 Ng8 17. Nh2 Nge7 18. Ne2 Ng6 19. f4 Nce7 20. Ng3 Nh4 21. Bd3 Nhf5 22.
Nxf5 Nxf5 23. Rf3 g6 24. Qe2 b5 25. Ng4 Be7 26. Bc2 Qc7 27. Rc3 Nxd4 28. Qd3
Nc6 29. Rc1 Qb6+ 30. Kh2 d4 31. Rb3 Nd8 32. Bxd4 Qc6 33. Qd2 Qd7 34. Rd3 Be4
35. Rc3 Rxc3 36. Qxc3 Bxc2 37. Rxc2 O-O 38. Bc5 Kg7 39. Bxe7 Qxe7 40. Qc7 Qh4
41. g3 Qh5 42. Rd2 Qf5 43. Rxd8 Rxd8 44. Qxd8 Qc2+ 45. Kg1 Qc1+ 46. Kg2 Qc3 47.
Kf2 Qc2+ 48. Ke3 Qc3+ 49. Qd3 Qe1+ 50. Kd4 Qg1+ 51. Ne3 Qh1 52. g4 Kg8 53. Qf1
Qc6 54. Qg2 Qc1 55. Qa2 Qh1 56. f5 Qc6 57. Qc2 Qd7+ 58. Kc3 Qc7+ 59. Kd2 Qxe5
60. fxe6 Qxe6 61. Qc5 Qa2+ 62. Nc2 Qe6 63. Qd4 h6 64. Qe3 Qd5+ 65. Kc1 Qc6 66.
Qxh6 Qf3 67. Qe3 Qh1+ 68. Kb2 Qd5 69. h4 Qc4 70. Qd4 Qe2 71. Qd8+ Kh7 72. Qg5
Qe8 73. Qf6 Qd7 74. h5 Kh6 75. Qf4+ g5 76. Qf6+ Kh7 77. h6 1-0

[Event "XX Weekend B"]
[Site "Ceriano Laghetto ITA"]
[Date "2011.04.03"]
[Round "4"]
[White "Conta, Diego"]
[Black "Regorda, Massimiliano"]
[Result "0-1"]
[WhiteElo "1688"]
[BlackElo "1881"]
[PlyCount "85"]
[EventDate "2011.04.01"]

1. d4 d5 2. c4 e6 3. Nc3 Be7 4. Nf3 Nf6 5. Bg5 O-O 6. e3 b6 7. cxd5 exd5 8. Bd3
Bb7 9. O-O Nbd7 10. Rc1 Ne4 11. Bxe7 Qxe7 12. Nd2 f5 13. f3 Nxc3 14. Rxc3 Qxe3+
15. Kh1 Qxd4 16. Rxc7 Nc5 17. Nb3 Qxd3 18. Nxc5 Qxd1 19. Rxd1 bxc5 20. Rxb7 d4
21. Kg1 Rfb8 22. Rxb8+ Rxb8 23. b3 Re8 24. Kf2 Kf7 25. b4 Ke6 26. Re1+ Kd7 27.
Rd1 Kc6 28. bxc5 Kxc5 29. Rc1+ Kb4 30. a3+ Kxa3 31. Ra1+ Kb3 32. Rxa7 d3 33.
Rd7 Kc2 34. Rc7+ Kd1 35. Rd7 d2 36. Rxg7 h6 37. Rc7 Re6 38. Rc5 f4 39. Rc4 Ra6
40. g3 fxg3+ 41. hxg3 Ra2 42. Rc6 Rc2 43. Rxh6 0-1

[Event "XX Weekend B"]
[Site "Ceriano Laghetto ITA"]
[Date "2011.04.03"]
[Round "4"]
[White "Coppola, Federico"]
[Black "Veri', Giustino"]
[Result "1-0"]
[WhiteElo "1749"]
[BlackElo "1661"]
[PlyCount "51"]
[EventDate "2011.04.01"]

1. e4 c6 2. d4 d5 3. f3 e6 4. Nc3 Bb4 5. Qd3 Bxc3+ 6. bxc3 b6 7. Qe3 dxe4 8.
fxe4 Bb7 9. Nf3 h6 10. Ba3 Ne7 11. Bd3 Nd7 12. O-O O-O 13. Rab1 Rc8 14. Nd2 c5
15. Nc4 Qc7 16. e5 Nd5 17. Qe4 N5f6 18. Qe1 Nd5 19. Nd6 Rb8 20. Bc1 Ne7 21.
Bxh6 Ng6 22. Qg3 Ndxe5 23. dxe5 c4 24. Bxg6 fxg6 25. Be3 Bd5 26. Qxg6 1-0

[Event "XX Weekend B"]
[Site "Ceriano Laghetto ITA"]
[Date "2011.04.03"]
[Round "4"]
[White "Falchi, Claudio"]
[Black "Colombo, Luca"]
[Result "1/2-1/2"]
[WhiteElo "1737"]
[BlackElo "1855"]
[PlyCount "73"]
[EventDate "2011.04.01"]

1. e4 c5 2. Nc3 Nc6 3. g3 g6 4. Bg2 Bg7 5. d3 d6 6. f4 e6 7. Nf3 Nge7 8. O-O
O-O 9. Be3 Nd4 10. e5 Nef5 11. Bf2 Nxf3+ 12. Qxf3 Nd4 13. Qd1 dxe5 14. fxe5
Bxe5 15. Na4 Rb8 16. c3 Nf5 17. Bxc5 b5 18. Bxf8 Qxf8 19. d4 bxa4 20. dxe5 Ne3
21. Qd6 Qxd6 22. exd6 Nxf1 23. Kxf1 Bd7 24. c4 Rxb2 25. Rc1 Kf8 26. c5 Bb5+ 27.
Kg1 Rd2 28. Rb1 a6 29. Bf1 Rd5 30. Bxb5 axb5 31. Rxb5 Ke8 32. Kf2 Kd7 33. Rb7+
Kc8 34. Rc7+ Kd8 35. Ke3 a3 36. Ke2 h6 37. Ke3 1/2-1/2

[Event "XX Weekend B"]
[Site "Ceriano Laghetto ITA"]
[Date "2011.04.03"]
[Round "4"]
[White "Fornasir, Carlo Gustavo"]
[Black "Miracola, Massimiliano"]
[Result "1-0"]
[WhiteElo "1879"]
[BlackElo "1929"]
[PlyCount "59"]
[EventDate "2011.04.01"]

1. e4 c5 2. c3 Nf6 3. e5 Nd5 4. Nf3 Nc6 5. d4 cxd4 6. cxd4 d6 7. exd6 Qxd6 8.
Nc3 a6 9. Bc4 Nb6 10. Bb3 e6 11. O-O Be7 12. Be3 O-O 13. Ne4 Qd8 14. a3 Nd5 15.
Bg5 f6 16. Be3 Kh8 17. Rc1 f5 18. Nc5 Bd6 19. Bg5 Qe8 20. Re1 Qg6 21. Bxd5 exd5
22. Qb3 b6 23. Nd3 Na5 24. Qxd5 Bb7 25. Qe6 Rf6 26. Bxf6 Bxf3 27. Rc8+ Bf8 28.
Nf4 Qxf6 29. Qxf6 gxf6 30. Rxa8 1-0

[Event "XX Weekend B"]
[Site "Ceriano Laghetto ITA"]
[Date "2011.04.03"]
[Round "4"]
[White "Losi, Enrico"]
[Black "Ronconi, Fausto"]
[Result "1-0"]
[WhiteElo "1634"]
[BlackElo "1749"]
[PlyCount "71"]
[EventDate "2011.04.01"]

1. e4 e6 2. d3 d5 3. Nd2 dxe4 4. dxe4 Nd7 5. Ngf3 Ngf6 6. Bd3 Nc5 7. Qe2 Nxd3+
8. cxd3 Bc5 9. O-O O-O 10. Nb3 Be7 11. Bg5 b6 12. Rac1 c5 13. Rfd1 Ba6 14. Qc2
Nd7 15. Bxe7 Qxe7 16. d4 c4 17. Nbd2 b5 18. a4 Rac8 19. axb5 Bxb5 20. Nb1 Nb6
21. Nc3 Bd7 22. Ra1 Rc7 23. d5 exd5 24. exd5 Qd6 25. Ng5 g6 26. Nge4 Bf5 27.
Nb5 Bxe4 28. Qxe4 Re7 29. Nxd6 Rxe4 30. Nxe4 f5 31. Nc3 Rf7 32. Na4 Rd7 33.
Nxb6 axb6 34. Ra6 Rd6 35. Ra4 b5 36. Rb4 1-0

[Event "XX Weekend B"]
[Site "Ceriano Laghetto ITA"]
[Date "2011.04.03"]
[Round "4"]
[White "Mason, Giovanni"]
[Black "Casonato, Mattias"]
[Result "1-0"]
[WhiteElo "1730"]
[BlackElo "1581"]
[PlyCount "104"]
[EventDate "2011.04.01"]

1. e4 d6 2. d4 c6 3. Nc3 g6 4. h3 Bg7 5. Be3 Nd7 6. Qd2 e5 7. Nf3 Qc7 8. Bc4 b5
9. Bb3 h6 10. d5 c5 11. Nxb5 Qb6 12. c4 a6 13. Nc3 Qb4 14. Na4 Qxd2+ 15. Bxd2
Ngf6 16. Bc2 Rb8 17. b3 O-O 18. O-O Nh5 19. Kh2 Nb6 20. Nxb6 Rxb6 21. g4 Nf4
22. Rae1 g5 23. Bxf4 gxf4 24. Nh4 Bf6 25. Nf3 Kh7 26. Rg1 Rg8 27. Rg2 a5 28.
Reg1 Bg5 29. h4 Be7 30. h5 f6 31. Nh4 Bd7 32. f3 Be8 33. Rf2 Bf7 34. Ng2 Rg5
35. Ne1 Rb8 36. Kh1 Rbg8 37. Rh2 Ra8 38. Nd3 Rgg8 39. Rb1 Rgb8 40. a3 Be8 41.
b4 Bd8 42. b5 Bb6 43. Nb2 Rb7 44. Na4 Rab8 45. Bd1 Kg7 46. Nc3 Kf7 47. a4 Bd7
48. Bc2 Rg8 49. Rg1 Rbb8 50. Na2 Rg7 51. Bb1 Rbg8 52. Rhg2 Rg5 1-0

[Event "XX Weekend B"]
[Site "Ceriano Laghetto ITA"]
[Date "2011.04.03"]
[Round "4"]
[White "Milu, Tatiana"]
[Black "Marchini, Daniele"]
[Result "1/2-1/2"]
[WhiteElo "1665"]
[BlackElo "1809"]
[PlyCount "74"]
[EventDate "2011.04.01"]

1. d4 Nf6 2. Nf3 g6 3. c3 Bg7 4. Nbd2 d5 5. e3 Bf5 6. h3 h5 7. Nh4 Qd7 8. Nxf5
Qxf5 9. Qe2 Nbd7 10. Qd3 Ne4 11. Nxe4 dxe4 12. Qb5 Qxb5 13. Bxb5 c6 14. Bc4 Nb6
15. Bb3 g5 16. Bd2 f5 17. O-O-O h4 18. Rdf1 Kd7 19. f3 exf3 20. Rxf3 e6 21. g4
Raf8 22. gxf5 exf5 23. Bc2 Ke6 24. Rhf1 g4 25. hxg4 fxg4 26. Bf5+ Rxf5 27. Rxf5
g3 28. Rg5 Bf6 29. Rg4 Nc8 30. c4 Bd8 31. Rg6+ Kd7 32. Rg7+ Ne7 33. Rg1 Ke8 34.
Kd1 Bc7 35. Ke2 h3 36. d5 g2 37. Bb4 Bb6 1/2-1/2

[Event "XX Weekend B"]
[Site "Ceriano Laghetto ITA"]
[Date "2011.04.03"]
[Round "4"]
[White "Monjac, Mislav"]
[Black "Sala, Giovanni"]
[Result "1-0"]
[WhiteElo "1982"]
[BlackElo "1964"]
[PlyCount "60"]
[EventDate "2011.04.01"]

1. e4 c5 2. Nf3 d6 3. d4 cxd4 4. Qxd4 Nc6 5. Bb5 Bd7 6. Bxc6 Bxc6 7. Nc3 Nf6 8.
Bg5 e6 9. O-O-O Be7 10. Qd3 Qa5 11. h4 h6 12. Bxf6 gxf6 13. Nd4 Rg8 14. Qc4 Rc8
15. g3 a6 16. Qb3 Qc7 17. Rhe1 Bd7 18. Rd3 b5 19. Nf5 Bf8 20. Nxd6+ Bxd6 21.
Red1 Bxg3 22. fxg3 Bc6 23. Kb1 Qe5 24. Qa3 Rxg3 25. Qxa6 Rc7 26. Rd8+ Ke7 27.
Qxc6 f5 28. Qe8+ Kf6 29. Qh8+ Rg7 30. Rg1 Ke7 1-0